000 00550nam a2200181Ia 4500
001 8326
003 GE_BSU
008 181216s||||||||xx |||||||||||||| ||und||
040 _cGE_BSU
245 _aВестник московского университета №3 2012
245 _bСерия география. Май-Июнь
245 _cГл. ред. Касимов Н.С.
260 _aNew Jersey
260 _c2013
300 _a88стр.29см.
653 _aВестник московского университета
942 _cCR
999 _c41653
_d41653